| 000 | 00597nam a2200181 a 4500 | ||
|---|---|---|---|
| 001 | 000023282 | ||
| 005 | 20200930022118.0 | ||
| 008 | 101201s1964 sp r 000 | spa d | ||
| 040 |
_aDO-SdBNP _bspa _cBNPHU |
||
| 082 |
_axxx _bC795 |
||
| 100 | 1 |
_aCordiner, Ralph J _947945 |
|
| 245 | 1 | 0 |
_aNuevas fronteras para directores de empresa / _cRalph J Cordiner; Traducción de Elena Estellés; prólogo por Courtney C. Brown. |
| 260 |
_aMadrid : _bRialp, _c1964. |
||
| 300 |
_a104 p. ; _c18 cm. |
||
| 700 | 1 |
_aEstellés, Elena _etr. _947946 |
|
| 700 | 1 |
_aBrown, Courtney C. _epról. _947947 |
|
| 049 | _aBNGR | ||
| 999 |
_c22779 _d22779 |
||